| 000 | 01269nam a2200229 a 4500 | ||
|---|---|---|---|
| 001 | 000686414 | ||
| 003 | AM-YeHGA | ||
| 005 | 20250617142256.0 | ||
| 008 | 090929s1981 ||| r 000 0 rus d | ||
| 040 | _aAM-YeHGA | ||
| 041 | 0 | _arus | |
| 245 | 0 | 0 |
_aРегиональный аспект эффективности общественного производства : _b[Сборник статей] / _cАН СССР, Дальневост. науч. центр, Ин-т экон. исслед.; Отв. ред.: А.Г. Зельднер, П.А. Минакир. |
| 260 |
_aВладивосток : _bДВНЦ АН СССР, _c1981. |
||
| 300 |
_a198 с. : _bграф. |
||
| 504 | _aБиблиогр. в конце статей | ||
| 653 | 0 | _aНародное хозяйство СССР - Размещение и специализация - Сборники | |
| 653 | 0 | _aЭкономическая эффективность - Сборники | |
| 700 | 1 |
_aЗельднер, Алексей Григорьевич _eред. _4edt |
|
| 710 | 2 |
_aАкадемия наук СССР _bДальневосточный научный центр |
|
| 710 | 2 | _aИнcтитут экономических исследований ДНЦ АН СССР | |
| 090 | _c256171 | ||
| 999 |
_c254568 _d254568 |
||